Top 10 Countries with the Most Spanish Speakers - Statistics

General Stats
  • This quiz has been taken 124,783 times
    34,408 since last reset
  • The average score is 9 of 10
Answer Stats
% # Country % Correct
94 123 m Mexico
99%
81 38.8 m Spain
99%
99 45.3 m Argentina
96%
99 52.4 m Colombia
95%
99 19.6 m Chile
93%
98 27.9 m Venezuela
92%
87 29.8 m Peru
91%
13 45.4 m United States
90%
93 16.9 m Ecuador
83%
98 11.2 m Dominican Republic
58%
No matching quizzes found
Score Distribution
Percent of People with Each Score
Percentile by Number Answered
Your Score History
You have not taken this quiz since the last reset